[Event "World Amateur U2300"]
[Site "masterchessopen.com Spoleto ITA"]
[Date "2017.04.01"]
[Round "1.29"]
[White "Karmov,M"]
[Black "Taksrud,V"]
[Result "1-0"]
[WhiteElo "2135"]
[BlackElo "1930"]
[EventType "swiss"]

1.e4 c6 2.d4 d5 3.e5 Bf5 4.Ne2 e6 5.Ng3 Bg6 6.h4 h6 7.h5 Bh7 8.Bd3 Bxd3 9.cxd3
Qb6 10.Rh4 Nd7 11.Nc3 Ne7 12.Nce2 g5 13.hxg6 Nxg6 14.Rh3 O-O-O 15.a3 Be7 16.b4
f5 17.Nh5 Rdg8 18.Kf1 Qd8 19.Nhf4 Ndf8 20.Be3 Bg5 21.Nxg6 Nxg6 22.f4 Be7
23.Qa4 a6 24.Rc1 Kb8 25.Qb3 Qf8 26.Rb1 Qg7 27.g3 h5 28.Ke1 h4 29.Kd2 hxg3
30.Rxg3 Rh2 31.Rbg1 Qh7 32.Qd1 Bh4 33.R3g2 Rxg2 34.Rxg2 Bd8 35.Qg1 Nh4 36.Rxg8
Nf3+ 37.Kd1 Nxg1 38.Rxg1 a5 39.Bd2 Ka7 40.bxa5 Ka6 41.Nc1 Bxa5 42.Bxa5 Kxa5
43.Nb3+ Ka4 44.Nc5+ Kxa3 45.Rf1 Qe7 46.Kc2 Qh4 47.Kc3 Ka2 48.Nb3 b5 49.Ra1#
1-0

[Event "World Amateur U2300"]
[Site "masterchessopen.com Spoleto ITA"]
[Date "2017.04.01"]
[Round "1.31"]
[White "Hurtado Bahamonde,R"]
[Black "Sandhya,G"]
[Result "1-0"]
[WhiteElo "2133"]
[BlackElo "1845"]
[EventType "swiss"]

1.e4 c5 2.Nf3 d6 3.d4 cxd4 4.Nxd4 Nf6 5.Nc3 a6 6.Be3 e5 7.Nb3 Be6 8.f3 h5
9.Nd5 Nxd5 10.exd5 Bf5 11.Bd3 Qh4+ 12.g3 Qf6 13.Rf1 Nd7 14.Qd2 Be7 15.O-O-O b5
16.Na5 Bd8 17.Nc6 Bxd3 18.Qxd3 Bb6 19.f4 Qh6 20.Bxb6 Nxb6 21.Kb1 Nd7 22.fxe5
dxe5 23.Qa3 {#r} 1-0

[Event "World Amateur U2300"]
[Site "masterchessopen.com Spoleto ITA"]
[Date "2017.04.01"]
[Round "1.32"]
[White "Akeya-Price,Robert"]
[Black "Grinev,B"]
[Result "0-1"]
[WhiteElo "1706"]
[BlackElo "2129"]
[EventType "swiss"]

1.d4 d5 2.c4 c6 3.cxd5 cxd5 4.Nc3 a6 5.Bf4 e6 6.Nf3 Nf6 7.h3 Nc6 8.e3 Bd6
9.Ne5 O-O 10.Nxc6 bxc6 11.Bxd6 Qxd6 12.Bd3 c5 13.O-O cxd4 14.exd4 Bd7 15.Qe2
Rfb8 16.Rab1 Rb4 17.Rfd1 g6 18.Qe5 Qxe5 19.dxe5 Nh5 20.a3 Rb3 21.Bc2 Rb6
22.Na4 Rc6 23.Nc3 Rc7 24.g4 Nf4 25.Rd4 g5 26.Kh2 Rb8 27.f3 a5 28.h4 Ne2 29.Rd2
Nxc3 30.bxc3 Rxb1 31.Bxb1 Rxc3 32.Rd3 Rc1 33.Rb3 h6 34.hxg5 hxg5 35.Kg3 Ba4
36.Rb8+ Kg7 37.Rb7 Bd1 {#R} 0-1

[Event "Chebanenko Rapid Open"]
[Site "masterchessopen.com Chisinau MDA"]
[Date "2017.04.01"]
[Round "7.2"]
[White "Romanov,E"]
[Black "Postny,E"]
[Result "0-1"]
[WhiteElo "2640"]
[BlackElo "2606"]
[EventType "swiss"]

1.Nf3 d5 2.b3 c5 3.e3 Nf6 4.Bb2 Nc6 5.Bb5 Bd7 6.O-O e6 7.c4 dxc4 8.bxc4 Bd6
9.d4 cxd4 10.exd4 O-O 11.Ne5 Qc7 12.f4 Rad8 13.Nd2 a6 14.Ba4 Nxe5 15.fxe5 Bxe5
16.dxe5 Bxa4 17.Qc1 Ng4 18.Ba3 Qb6+ 19.c5 Qc6 20.Nf3 Rd3 21.Bb2 Ne3 22.Re1
Nxg2 23.Nd4 Rxd4 24.Bxd4 Nh4 25.Qb2 Rd8 26.Re2 Rxd4 {#R} 0-1

[Event "Chebanenko Rapid Open"]
[Site "masterchessopen.com Chisinau MDA"]
[Date "2017.04.01"]
[Round "8.1"]
[White "Djuric,S"]
[Black "Bortnyk,Olexandr"]
[Result "0-1"]
[WhiteElo "2429"]
[BlackElo "2566"]
[EventType "swiss"]

1.c4 g6 2.d4 Bg7 3.Nc3 c5 4.d5 Bxc3+ 5.bxc3 f5 6.Bg5 Qa5 7.Qc2 d6 8.h4 h6
9.Bd2 Nf6 10.f3 Nbd7 11.Nh3 Ne5 12.e3 Nh5 13.Kf2 Bd7 14.a4 O-O-O 15.Nf4 Nf6
16.Be2 g5 17.Ne6 Bxe6 18.dxe6 Rhf8 19.hxg5 hxg5 20.Rab1 Ne8 21.Rh7 Qc7 22.Rh5
d5 23.cxd5 Nf6 24.Rxg5 Neg4+ 25.fxg4 Ne4+ 26.Kg1 Nxg5 27.gxf5 Rxd5 28.e4 Nh3+
29.Kf1 Qh2 30.gxh3 Rg8 31.Be3 Qh1+ 32.Kf2 Rg2+ 33.Kf3 Qxh3+ {#R} 0-1

[Event "Chebanenko Blitz TB"]
[Site "masterchessopen.com Chisinau MDA"]
[Date "2017.04.01"]
[Round "1"]
[White "Postny,E"]
[Black "Bortnyk,Olexandr"]
[Result "1-0"]
[WhiteElo "2606"]
[BlackElo "2570"]
[EventType "swiss"]

1.d4 d6 2.Nf3 Nf6 3.c4 g6 4.Nc3 Bf5 5.g3 Bg7 6.Bg2 O-O 7.O-O Ne4 8.Qb3 Nxc3
9.bxc3 Be4 10.Nh4 Bxg2 11.Nxg2 b6 12.e4 Nc6 13.Ne3 Na5 14.Qc2 c5 15.Qd3 cxd4
16.cxd4 Rc8 17.Bd2 Nc6 18.Bc3 Qd7 19.Kg2 e6 20.f4 d5 21.cxd5 exd5 22.Nxd5 f5
23.Rad1 Rfe8 24.Ne3 Rxe4 25.d5 Bxc3 26.Qxc3 Nd4 27.Qd3 Rce8 28.Rfe1 h5 29.h4
Kh7 30.Kf2 b5 31.Qc3 Qg7 32.Rd3 Qh8 33.Red1 Rc8 34.Qd2 Rc4 35.Nxc4 Re2+
36.Qxe2 Nxe2 37.Ne5 Nxf4 38.gxf4 Qd8 39.Kg3 Qd6 40.Rc1 a5 41.a3 b4 42.Rc6 Qb8
43.d6 bxa3 {#r} 1-0

[Event "Chebanenko Blitz TB"]
[Site "masterchessopen.com Chisinau MDA"]
[Date "2017.04.01"]
[Round "2"]
[White "Bortnyk,Olexandr"]
[Black "Postny,E"]
[Result "0-1"]
[WhiteElo "2570"]
[BlackElo "2606"]
[EventType "swiss"]

1.e4 e5 2.Nf3 Nc6 3.Bb5 a6 4.Ba4 Nf6 5.Qe2 b5 6.Bb3 Be7 7.c3 d6 8.a4 Rb8 9.h3
O-O 10.O-O b4 11.Bc2 Re8 12.a5 Rb5 13.Ba4 Rxa5 14.cxb4 Nxb4 15.Qc4 c5 16.Bxe8
Be6 17.Bxf7+ Bxf7 18.Qe2 Rxa1 19.Nc3 h6 20.d3 Nc6 21.b3 Nd4 22.Nxd4 cxd4
23.Na4 Rb1 24.Qc2 Rxb3 25.Bd2 Rb5 26.Ra1 Kh7 27.Qc6 Qd7 28.Qc1 Rb3 29.Nb2 Qb5
30.Ra5 Qb7 31.Ra2 Rb5 32.Nc4 Rb1 {#R} 0-1

[Event "ch-URU 2017"]
[Site "masterchessopen.com Montevideo URU"]
[Date "2017.04.01"]
[Round "8.1"]
[White "Roselli Mailhe,B"]
[Black "Saralegui,M"]
[Result "1-0"]
[WhiteElo "2426"]
[BlackElo "2111"]

1.d4 d5 2.c4 c6 3.Nf3 Nf6 4.e3 g6 5.Nc3 Bg7 6.Bd3 O-O 7.h3 a6 8.O-O Nbd7
9.cxd5 cxd5 10.Qb3 e6 11.a4 b6 12.Bd2 Bb7 13.Rfc1 Ne4 14.Be1 Re8 15.Bf1 Rc8
16.Na2 Rxc1 17.Rxc1 Qb8 18.Nb4 Rc8 19.Qd1 Qa8 20.Rc2 a5 21.Bb5 Ndf6 22.Na2 Nd6
23.Bd3 Ba6 24.Ne5 Bxd3 25.Qxd3 Rxc2 26.Qxc2 Qc8 27.Qb3 Qc7 28.f3 Nfe8 29.Bf2
Bxe5 30.dxe5 Nc4 31.Qb5 Ng7 32.e4 Qxe5 33.Nc3 Qf4 34.exd5 Qc1+ 35.Kh2 Nd2
36.Bxb6 h5 37.d6 Nf1+ 38.Qxf1 {#r} 1-0

[Event "ch-URU 2017"]
[Site "masterchessopen.com Montevideo URU"]
[Date "2017.04.01"]
[Round "8.3"]
[White "Larrea,M"]
[Black "Ulaneo,N"]
[Result "1-0"]
[WhiteElo "2274"]
[BlackElo "2167"]

1.e4 e6 2.d4 d5 3.Nc3 Nf6 4.e5 Nfd7 5.f4 c5 6.Nf3 Nc6 7.Be3 Be7 8.Qd2 O-O
9.dxc5 Nxc5 10.O-O-O a6 11.Kb1 b5 12.Qf2 b4 13.Nxd5 exd5 14.Bxc5 Bf5 15.Bd3
Qa5 16.Bb6 {#r} 1-0

[Event "ch-URU 2017"]
[Site "masterchessopen.com Montevideo URU"]
[Date "2017.04.01"]
[Round "8.4"]
[White "Oddone,C"]
[Black "Lopez Azambuja,N"]
[Result "0-1"]
[WhiteElo "2239"]
[BlackElo "2267"]

1.Nf3 Nf6 2.g3 b6 3.Bg2 Bb7 4.O-O e6 5.d3 d5 6.Nbd2 Be7 7.Re1 O-O 8.e4 dxe4
9.Ng5 Nc6 10.Ngxe4 Nxe4 11.Nxe4 Qd7 12.c3 e5 13.Qh5 Rae8 14.g4 g6 15.Qh6 f6
16.Re3 Rf7 17.Rh3 Qxg4 18.Rg3 Qd1+ 19.Bf1 Bf8 20.Qh4 Bg7 21.Bg5 Qxa1 22.Bxf6
Ne7 23.Rh3 h5 24.Bxg7 Kxg7 25.Ng5 Rf6 26.Qa4 Bc6 27.Qc4 Bd5 28.Qxc7 Qe1 {#R}
0-1

[Event "ch-URU 2017"]
[Site "masterchessopen.com Montevideo URU"]
[Date "2017.04.01"]
[Round "8.5"]
[White "Coppola,C"]
[Black "Carbone,D"]
[Result "1-0"]
[WhiteElo "2267"]
[BlackElo "2149"]

1.d4 d5 2.Bf4 Nf6 3.Nc3 Bf5 4.f3 e6 5.g4 Bg6 6.h4 h6 7.h5 Bh7 8.e3 a6 9.Bd3
Bxd3 10.Qxd3 c5 11.dxc5 Nc6 12.O-O-O Qa5 13.Nge2 Bxc5 14.Kb1 Rc8 15.Nd4 Nb4
16.Qd2 b5 17.a3 Bxd4 18.exd4 Nc6 19.Bd6 b4 20.Na2 bxa3 21.Qxa5 Nxa5 22.b3 Nb7
23.Bxa3 a5 24.Nc1 Nd7 25.Nd3 Rc6 26.Kb2 Kd8 27.Rc1 a4 28.Nb4 Rc7 29.c4 axb3
30.cxd5 Na5 31.Nc6+ Nxc6 32.dxc6 Nf6 33.Bd6 Ra7 34.Ra1 Ra2+ 35.Kxb3 {#r} 1-0

[Event "11th ch-SRB w 2017"]
[Site "masterchessopen.com Zemun SRB"]
[Date "2017.04.01"]
[Round "4.3"]
[White "Gajcin,Marina"]
[Black "Eric,J"]
[Result "0-1"]
[WhiteElo "2203"]
[BlackElo "2232"]

1.e4 e6 2.d4 d5 3.e5 c5 4.c3 Nc6 5.Nf3 Bd7 6.Be2 Nge7 7.O-O Nf5 8.Bd3 cxd4
9.Bxf5 exf5 10.Nxd4 Qb6 11.Nxc6 bxc6 12.Nd2 Be7 13.Nf3 O-O 14.Qc2 c5 15.Bg5
Bxg5 16.Nxg5 h6 17.Nf3 Be6 18.Rad1 Rac8 19.b3 Rfd8 20.Rd2 g6 21.Rfd1 f4 22.h3
Bf5 23.Qc1 Qe6 24.c4 d4 25.b4 Be4 26.bxc5 Bxf3 27.gxf3 Qxe5 28.Qb2 Rxc5
29.Rxd4 Re8 30.Qd2 Qh5 31.Rd5 Rxd5 32.cxd5 Qxf3 33.Qd4 Re4 34.Qa1 Re2 35.Qd4
Rxf2 36.Qxf2 Qxd1+ 37.Kh2 Qxd5 38.Qxa7 Qd2+ 39.Kg1 Qe1+ 40.Kg2 Qg3+ 41.Kf1
Qxh3+ 42.Ke2 Qg2+ 43.Kd3 f3 44.Qb8+ Kh7 45.Qb3 Qe2+ 46.Kd4 Kg7 {#R} 0-1

[Event "184th MGU Open 2017"]
[Site "masterchessopen.com Sofia BUL"]
[Date "2017.04.01"]
[Round "3.3"]
[White "Hristov,Hristo Mitov"]
[Black "Naymanova,Patricie"]
[Result "1-0"]
[WhiteElo "2134"]
[BlackElo "1499"]
[EventType "swiss"]

1.e4 c6 2.d4 d5 3.Nd2 dxe4 4.Nxe4 Bf5 5.Ng3 Bg6 6.h4 h6 7.f4 e6 8.Nf3 Nd7 9.h5
Bh7 10.Bd3 Bxd3 11.Qxd3 Ngf6 12.Bd2 Qc7 13.Ne5 Nxe5 14.fxe5 Nd5 15.c4 Nb6
16.c5 Nd5 17.Ne4 O-O-O 18.O-O-O b6 19.Nd6+ Bxd6 20.exd6 Qb7 21.Rdf1 Nf6 22.Qe2
Rhf8 23.Bxh6 Nxh5 24.Rxh5 gxh6 25.Rxh6 bxc5 26.dxc5 Qb4 27.Qc2 Kd7 28.Rxe6 Kc8
29.Re7 a6 30.a3 Qa5 31.Rc7+ Kb8 32.Qb3+ Qb5 33.Qxb5+ cxb5 34.Rfxf7 {#r} 1-0

[Event "Dutch League 2016-17"]
[Site "masterchessopen.com Netherlands NED"]
[Date "2017.04.01"]
[Round "8.2"]
[White "Bosboom,M"]
[Black "Nikolic,Pr"]
[Result "0-1"]
[WhiteElo "2393"]
[BlackElo "2622"]
[EventType "team-tourn"]

1.Nf3 d5 2.g3 g6 3.Bg2 Bg7 4.O-O e5 5.c4 d4 6.d3 Ne7 7.b4 O-O 8.a4 a5 9.b5 c5
10.Nbd2 Ra7 11.Nb3 b6 12.e3 dxe3 13.Bxe3 Bf5 14.Ne1 Rd7 15.Qc1 Bxd3 16.Nxd3
Rxd3 17.Qc2 Nf5 18.Bg5 f6 19.Bc1 Rd6 20.Bb2 Qc7 21.Rae1 Nd7 22.f4 Nd4 23.Bxd4
cxd4 24.fxe5 Nxe5 25.c5 d3 26.Qa2 bxc5 27.Nxa5+ c4 28.Nc6 Kh8 29.a5 Nxc6
30.bxc6 c3 31.Rb1 Rxc6 32.Rb4 Rd6 33.Rc4 Qa7+ 34.Kh1 c2 35.Qa3 Rfd8 36.Bf3 f5
37.Kg2 h5 38.Qa4 Kh7 39.Rb4 Rd4 40.Rxd4 Qxd4 41.Qc6 Rb8 {#R} 0-1

[Event "Dutch League 2016-17"]
[Site "masterchessopen.com Netherlands NED"]
[Date "2017.04.01"]
[Round "8.5"]
[White "Van Haastert,E"]
[Black "Vedder,H"]
[Result "1-0"]
[WhiteElo "2447"]
[BlackElo "2374"]
[EventType "team-tourn"]

1.e4 e6 2.d4 d5 3.Nc3 Nf6 4.e5 Nfd7 5.f4 c5 6.Nf3 Nc6 7.Be3 Qb6 8.Na4 Qa5+
9.c3 b6 10.Bd2 c4 11.b4 Qa6 12.Be2 b5 13.Nc5 Bxc5 14.dxc5 Qa3 15.Qc2 O-O
16.Ng5 g6 17.h4 d4 18.h5 Nxb4 19.cxb4 Qg3+ 20.Kf1 d3 21.Qd1 dxe2+ 22.Qxe2 Qd3
23.hxg6 hxg6 24.Qxd3 cxd3 25.Nh7 Rd8 26.c6 Nb6 27.Nf6+ Kf8 28.c7 {#r} 1-0

[Event "Dutch League 2016-17"]
[Site "masterchessopen.com Netherlands NED"]
[Date "2017.04.01"]
[Round "8.6"]
[White "Vedder,R"]
[Black "Jens,J"]
[Result "0-1"]
[WhiteElo "2213"]
[BlackElo "2386"]
[EventType "team-tourn"]

1.e4 e5 2.Nf3 Nc6 3.Bb5 a6 4.Ba4 Nf6 5.O-O Be7 6.Re1 b5 7.Bb3 d6 8.a4 Bg4 9.c3
Na5 10.Ba2 b4 11.cxb4 Nc6 12.Qb3 O-O 13.Qc3 Qd7 14.Bd5 Nxd5 15.exd5 Bxf3
16.dxc6 Bxc6 17.d4 exd4 18.Qxd4 Bf6 19.Qd1 Rfe8 20.Nc3 Qg4 21.Rxe8+ Rxe8 22.f3
Bxf3 23.Qxf3 Re1+ 24.Kf2 Bh4+ 25.g3 Rf1+ {#R} 0-1

[Event "Dutch League 2016-17"]
[Site "masterchessopen.com Netherlands NED"]
[Date "2017.04.01"]
[Round "8.7"]
[White "Pijpers,A"]
[Black "Van den Hoogen,Arie"]
[Result "1-0"]
[WhiteElo "2480"]
[BlackElo "1986"]
[EventType "team-tourn"]

1.e4 e5 2.Nf3 Nc6 3.Bb5 a6 4.Ba4 Nf6 5.O-O Be7 6.Re1 b5 7.Bb3 d6 8.c3 O-O 9.h3
Na5 10.Bc2 c5 11.d4 Nd7 12.Nbd2 exd4 13.cxd4 Nc6 14.d5 Nce5 15.a4 Rb8 16.axb5
axb5 17.Nxe5 Nxe5 18.f4 Ng6 19.Nf3 Bh4 20.Rf1 Bg3 21.f5 Ne5 22.Ng5 h6 23.f6
Bh4 24.Qh5 Bxg5 25.Bxg5 hxg5 26.Qxg5 Ng6 27.e5 dxe5 28.Bxg6 Qxf6 29.Rxf6 gxf6
30.Qxf6 fxg6 31.Qxg6+ Kh8 32.Qh6+ Kg8 33.Qg5+ Kh7 34.Qe7+ Kg8 35.Ra3 {#r} 1-0

[Event "Dutch League 2016-17"]
[Site "masterchessopen.com Netherlands NED"]
[Date "2017.04.01"]
[Round "8.8"]
[White "Kazarian,Anna-Maja"]
[Black "Van Wessel,R"]
[Result "1-0"]
[WhiteElo "2259"]
[BlackElo "2405"]
[EventType "team-tourn"]

1.e4 e5 2.Nf3 Nc6 3.Bc4 Bc5 4.c3 Nf6 5.d3 a6 6.O-O O-O 7.d4 Ba7 8.dxe5 Ng4
9.Bf4 Qe8 10.e6 dxe6 11.Bxc7 b5 12.Bb3 Bb7 13.h3 Nf6 14.Nbd2 Qe7 15.Bh2 Rfd8
16.Qe2 Nd7 17.Bc7 Rdc8 18.Bf4 Nc5 19.Rfd1 Rd8 20.Bc2 e5 21.Bg5 f6 22.Be3 Kh8
23.Nb3 Na4 24.Bxa7 Nxa7 25.Rxd8+ Rxd8 26.Na5 Nxb2 27.Nxb7 Qxb7 28.Rb1 Qc7
29.Rxb2 Qxc3 30.Bb3 Nc6 31.Rc2 Qa1+ 32.Kh2 Nb4 33.Qd2 Ra8 {#r} 1-0

[Event "Dutch League 2016-17"]
[Site "masterchessopen.com Netherlands NED"]
[Date "2017.04.01"]
[Round "8.9"]
[White "De Jong,JW"]
[Black "Drent,S"]
[Result "1-0"]
[WhiteElo "2454"]
[BlackElo "1984"]
[EventType "team-tourn"]

1.e4 e5 2.Nf3 Nc6 3.Bc4 Nf6 4.d3 Bc5 5.c3 O-O 6.O-O d6 7.a4 a6 8.h3 Be6 9.Bxe6
fxe6 10.Re1 Qe7 11.b4 Ba7 12.Nbd2 Nh5 13.Nf1 Nf4 14.Be3 Qf6 15.Kh2 h6 16.Ra2
Kh7 17.b5 axb5 18.axb5 Bxe3 19.Rxa8 Rxa8 20.fxe3 Nb8 {#r} 1-0

[Event "Dutch League 2016-17"]
[Site "masterchessopen.com Netherlands NED"]
[Date "2017.04.01"]
[Round "8.10"]
[White "Reichardt,Robin"]
[Black "Van der Werf,M"]
[Result "0-1"]
[WhiteElo "1873"]
[BlackElo "2409"]
[EventType "team-tourn"]

1.d4 Nf6 2.Nf3 c5 3.c4 e6 4.d5 exd5 5.cxd5 d6 6.Nc3 g6 7.e4 a6 8.a4 Bg4 9.Bg5
Bg7 10.Bd3 O-O 11.O-O Nbd7 12.h3 Bxf3 13.Qxf3 Ne5 14.Qe2 Nxd3 15.Qxd3 Qc7
16.Rfe1 Nd7 17.b3 c4 18.bxc4 Ne5 19.Qe2 Qxc4 20.Qxc4 Nxc4 21.Rec1 h6 22.Bf4 g5
23.Bg3 Nd2 24.Ra2 Bxc3 25.Rxc3 Nxe4 26.Rc7 f5 27.Rb2 Rf7 28.Rxf7 Kxf7 29.Rxb7+
Kf6 30.Rb4 Re8 31.Bh2 f4 32.g3 a5 33.Rb5 f3 34.Rb1 Nc3 35.Ra1 g4 36.hxg4 Kg5
37.Kf1 Rb8 38.Ke1 Rb1+ 39.Rxb1 Nxb1 {#R} 0-1

[Event "Dutch League 2016-17"]
[Site "masterchessopen.com Netherlands NED"]
[Date "2017.04.01"]
[Round "8.4"]
[White "Klein,Da"]
[Black "Lecomte,Robin"]
[Result "1-0"]
[WhiteElo "2511"]
[BlackElo "2252"]
[EventType "team-tourn"]

1.e4 c5 2.Nf3 e6 3.g3 Nc6 4.Bg2 Nf6 5.Qe2 d5 6.exd5 Nxd5 7.O-O Be7 8.Rd1 O-O
9.d4 Qb6 10.c4 Nf6 11.dxc5 Qxc5 12.Nc3 Na5 13.b3 Rd8 14.Nb5 Rxd1+ 15.Qxd1 Ng4
16.Nfd4 e5 17.Ba3 Qb6 18.Bxe7 exd4 19.Qxd4 Qxd4 20.Nxd4 Bd7 21.Rd1 Re8 22.Bc5
a6 23.Nf3 Bf5 24.h3 Nf6 25.g4 Be4 26.Re1 Bc6 27.Bb4 b6 28.Rxe8+ Bxe8 29.Ne5
{#r} 1-0

[Event "Dutch League 2016-17"]
[Site "masterchessopen.com Netherlands NED"]
[Date "2017.04.01"]
[Round "8.8"]
[White "Dek,L"]
[Black "Canedo jr,Jesus"]
[Result "1-0"]
[WhiteElo "2266"]
[BlackElo "2136"]
[EventType "team-tourn"]

1.e4 e6 2.d4 d5 3.Nc3 Bb4 4.e5 c5 5.a3 Bxc3+ 6.bxc3 Ne7 7.Nf3 Qa5 8.Bd2 Nbc6
9.Be2 Bd7 10.Rb1 Qc7 11.dxc5 Ng6 12.c4 dxc4 13.Bc3 Nf4 14.Qd2 Nxe2 15.Qxe2 Na5
16.O-O Rc8 17.Ng5 Bc6 18.Qh5 g6 19.Qh6 {#r} 1-0

[Event "Dutch League 2016-17"]
[Site "masterchessopen.com Netherlands NED"]
[Date "2017.04.01"]
[Round "8.9"]
[White "De Wit,M"]
[Black "Kerkvliet,M"]
[Result "0-1"]
[WhiteElo "2205"]
[BlackElo "2202"]
[EventType "team-tourn"]

1.e4 d5 2.exd5 Qxd5 3.d4 Nc6 4.Nf3 Bg4 5.Be2 O-O-O 6.c4 Qf5 7.Be3 Bxf3 8.gxf3
Nxd4 9.Bxd4 Qa5+ 10.Qd2 Qxd2+ 11.Nxd2 Rxd4 12.O-O-O e5 13.Ne4 Be7 14.Rxd4 exd4
15.Rd1 c5 16.b4 b6 17.bxc5 bxc5 18.Rg1 g6 19.Kc2 f5 20.Nd2 Nf6 21.Rb1 Rd8
22.Nb3 Nh5 23.Nc1 Nf4 24.Bf1 Rd6 25.Rb2 Ra6 26.Kd1 Ra3 27.Rb3 Ra4 28.Rb2 Kc7
29.Rb3 Bh4 30.Ke1 Bg5 31.Rb2 Ng2+ 32.Bxg2 Bxc1 {#R} 0-1

[Event "Dutch League 2016-17"]
[Site "masterchessopen.com Netherlands NED"]
[Date "2017.04.01"]
[Round "8.2"]
[White "Bosch,Je"]
[Black "Ernst,S"]
[Result "0-1"]
[WhiteElo "2381"]
[BlackElo "2534"]
[EventType "team-tourn"]

1.d4 e6 2.Nf3 c5 3.e4 cxd4 4.Nxd4 Nc6 5.Nc3 Qc7 6.g3 a6 7.Bg2 h5 8.O-O Nf6
9.Re1 Nxd4 10.Qxd4 Bc5 11.Bf4 d6 12.Qd2 Ng4 13.Nd1 a5 14.c3 a4 15.Be3 Nxe3
16.Nxe3 O-O 17.Rad1 Bd7 18.Nc2 e5 19.Ne3 Be6 20.Nf5 f6 21.a3 g6 22.Ne3 h4
23.Qe2 Kg7 24.Rd2 Rh8 25.Bf3 hxg3 26.hxg3 Rh6 27.Bg4 Bxe3 28.fxe3 Rah8 29.Bxe6
Rh1+ 30.Kg2 R8h2+ 31.Kf3 Rxe2 32.Rdxe2 Qe7 33.Bd5 f5 34.Rf2 Qg5 35.exf5 Qxf5+
{#R} 0-1

[Event "Dutch League 2016-17"]
[Site "masterchessopen.com Netherlands NED"]
[Date "2017.04.01"]
[Round "8.4"]
[White "Swinkels,R"]
[Black "Werle,J"]
[Result "1-0"]
[WhiteElo "2484"]
[BlackElo "2551"]
[EventType "team-tourn"]

1.d4 Nf6 2.c4 e6 3.g3 d5 4.Nf3 Bb4+ 5.Bd2 Bd6 6.Nc3 c6 7.Qc2 Nbd7 8.e4 Nxe4
9.Nxe4 dxe4 10.Qxe4 Nf6 11.Qc2 c5 12.dxc5 Bxc5 13.Bg2 O-O 14.O-O Qe7 15.Bc3 h6
16.Rad1 a5 17.Ne5 Ra6 18.Rd2 Qc7 19.Rfd1 Rd6 20.Nd3 Bd4 21.Nf4 Bc5 22.Bxf6
gxf6 23.Nh5 f5 24.Qc3 e5 25.Qxe5 f6 26.Qf4 Rfd8 27.Qxh6 Rxd2 28.Rxd2 Rxd2
29.Bd5+ Rxd5 30.Nxf6+ Kf7 31.Qh7+ Kxf6 32.Qxc7 Rd1+ 33.Kg2 Bd7 34.Qxc5 Bc6+
35.Kh3 {#r} 1-0

[Event "Dutch League 2016-17"]
[Site "masterchessopen.com Netherlands NED"]
[Date "2017.04.01"]
[Round "8.5"]
[White "Hoeksema,E"]
[Black "Van der Stricht,G"]
[Result "1-0"]
[WhiteElo "2331"]
[BlackElo "2374"]
[EventType "team-tourn"]

1.d4 Nf6 2.c4 e6 3.Nf3 d5 4.Nc3 Be7 5.Bg5 O-O 6.e3 h6 7.Bh4 b6 8.Bxf6 Bxf6
9.cxd5 exd5 10.Rc1 Be6 11.b4 c6 12.Bd3 Qe7 13.Qb3 Rd8 14.Na4 Bg4 15.O-O Qd6
16.b5 Bd7 17.Nc3 Be8 18.e4 dxe4 19.Nxe4 Qf4 20.Nxf6+ Qxf6 21.Be4 a6 22.a4 axb5
23.axb5 Qd6 24.Qc2 Rc8 25.Rfd1 Ra7 26.d5 c5 27.Nd4 Bd7 28.Nc6 Rac7 29.Re1 g6
30.Re3 Be8 31.Rce1 Nxc6 32.dxc6 Re7 33.Bxg6 Rxe3 34.Bh7+ Kf8 35.Rxe3 Ra8 36.g3
Qd4 37.Bf5 c4 38.c7 Qc5 39.Qc3 Kg8 40.Qf6 Qxc7 41.Qxh6 f6 42.Re4 {#r} 1-0

[Event "Dutch League 2016-17"]
[Site "masterchessopen.com Netherlands NED"]
[Date "2017.04.01"]
[Round "8.6"]
[White "Broekmeulen,Ja"]
[Black "Schippers,Maurice"]
[Result "1-0"]
[WhiteElo "2388"]
[BlackElo "2234"]
[EventType "team-tourn"]

1.b3 e5 2.Bb2 Nc6 3.e3 Nf6 4.Bb5 Bd6 5.Na3 Na5 6.Nf3 Qe7 7.Nb1 O-O 8.d4 e4
9.Nfd2 b6 10.Be2 Re8 11.c4 c5 12.d5 Be5 13.Nc3 Nb7 14.g4 h6 15.h4 Nd6 16.Qc2
Nh7 17.O-O-O Bb7 18.Rdg1 a6 19.g5 hxg5 20.hxg5 Nxg5 21.f4 exf3 22.Nxf3 Bxc3
23.Qxc3 f6 24.Nxg5 fxg5 25.Bd3 Rf8 26.Qc2 Qxe3+ 27.Kb1 Rf2 28.Bh7+ Kf8 29.Rf1
Rf7 30.Bxg7+ Kxg7 31.Qg6+ Kf8 32.Qxd6+ Qe7 33.Rxf7+ Kxf7 34.Bg6+ {#r} 1-0

[Event "Dutch League 2016-17"]
[Site "masterchessopen.com Netherlands NED"]
[Date "2017.04.01"]
[Round "8.7"]
[White "Pel,B"]
[Black "Van Dooren,D"]
[Result "0-1"]
[WhiteElo "2287"]
[BlackElo "2311"]
[EventType "team-tourn"]

1.g3 e5 2.d3 Nc6 3.Bg2 d5 4.Nf3 Nf6 5.O-O h6 6.a3 a5 7.b3 Bd6 8.Nc3 O-O 9.e4
dxe4 10.Nxe4 Nxe4 11.dxe4 Be6 12.Bb2 Qe7 13.Nh4 Bc5 14.Nf5 Qf6 15.Qd3 Rad8
16.Qb5 Bb6 17.Ne3 Bxe3 18.fxe3 Qg5 19.Rae1 Rd2 20.Qxb7 Rxc2 21.Rf2 Rc5 22.Qxc7
Rc8 23.Qb6 Nb8 24.b4 Nd7 25.Qd6 axb4 26.axb4 R5c6 27.Qd3 Qe7 28.Qd2 Rd6 29.Qe2
Rb6 30.Ba3 Ra8 31.Ra1 Rba6 32.Qb2 Nb6 33.Bf1 Bc4 34.Qc3 Bxf1 35.Rfxf1 Rc8
36.Qb3 Ra4 37.Rac1 Rxc1 38.Rxc1 Qb7 39.Rf1 Qxe4 40.Rxf7 Qc4 {#R} 0-1

[Event "Du Te Cup 2017"]
[Site "masterchessopen.com Shenzhen CHN"]
[Date "2017.04.02"]
[Round "10.3"]
[White "Adams,Mi"]
[Black "Svidler,P"]
[Result "0-1"]
[WhiteElo "2761"]
[BlackElo "2741"]

1.e4 c6 2.d4 d5 3.e5 Bf5 4.h4 h5 5.Bd3 Bxd3 6.Qxd3 e6 7.Bg5 Be7 8.Nf3 Nh6
9.Nc3 Nf5 10.Ne2 c5 11.dxc5 Qa5+ 12.c3 Qxc5 13.Bxe7 Kxe7 14.Ned4 Nxd4 15.Nxd4
Nc6 16.O-O Nxe5 17.Qe3 Nd7 18.Rfe1 Kf8 19.Rad1 Rh6 20.Rd3 Kg8 21.Qd2 Rg6
22.Nf3 Rg4 23.Nh2 Rxh4 24.Qg5 Re4 25.Ree3 Nf6 26.b4 Qb6 27.Rg3 Re1+ 28.Nf1 Ng4
29.Rde3 Ra1 30.Re2 Qa6 31.Qd2 Rc8 32.Qb2 Rb1 {#R} 0-1

[Event "ch-Moscow Final 2017"]
[Site "masterchessopen.com Moscow RUS"]
[Date "2017.04.02"]
[Round "2.1"]
[White "Gordievsky,D"]
[Black "Geivondian,Arman"]
[Result "1-0"]
[WhiteElo "2596"]
[BlackElo "2388"]

1.c4 e6 2.Nc3 d5 3.d4 c5 4.cxd5 cxd4 5.Qa4+ Bd7 6.Qxd4 exd5 7.Qxd5 Nc6 8.Nf3
Nf6 9.Qb3 Bb4 10.Bd2 Be6 11.Qc2 Qe7 12.e3 O-O-O 13.Be2 Kb8 14.a3 Bd6 15.Nb5
Bd5 16.Nxd6 Rxd6 17.O-O Be4 18.Qc1 Rc8 19.Bc3 Nd5 20.Nd2 Nd4 21.exd4 Nf4
22.Bg4 Bxg2 23.Ne4 Qxe4 24.f3 Nh3+ 25.Kxg2 Qe2+ 26.Kxh3 Rh6+ 27.Qxh6 gxh6
28.Rae1 Qc2 29.Bxc8 Kxc8 30.Rd1 Qf5+ 31.Kg2 Qg5+ 32.Kh1 Qd5 33.Be1 Kd7 34.Bg3
f6 35.Rc1 Qb3 36.d5 Qxb2 37.Rc7+ Kd8 38.Rfc1 f5 39.Bh4+ {#r} 1-0

[Event "ch-Moscow Final 2017"]
[Site "masterchessopen.com Moscow RUS"]
[Date "2017.04.02"]
[Round "2.3"]
[White "Apryshko,G"]
[Black "Gavrilov,Al1"]
[Result "0-1"]
[WhiteElo "2334"]
[BlackElo "2487"]

1.e4 c6 2.Nc3 d5 3.Nf3 Bg4 4.h3 Bxf3 5.Qxf3 e6 6.d3 Nd7 7.Bd2 Bc5 8.g4 Ne7
9.h4 a5 10.a3 a4 11.O-O-O Qb6 12.exd5 cxd5 13.d4 Bxd4 14.Bb5 Nc6 15.Be3 Bxe3+
16.fxe3 Ra5 17.Bxa4 Nde5 18.Qf4 Nc4 19.Bb3 Qxe3+ 20.Qxe3 Nxe3 21.Rde1 d4
22.Ne4 Ke7 23.g5 Rc8 24.Kb1 Rf5 25.Re2 Re5 26.Nf2 Nf5 27.Rd2 Re3 28.h5 Ne5
29.h6 g6 30.Rdd1 Nf3 31.Ng4 Re2 32.Rhf1 Nxg5 33.Rde1 Rxe1+ 34.Rxe1 Nf3 35.Rd1
{#R} 0-1